| 000 | 00693cam a22002293a 4500 | ||
|---|---|---|---|
| 001 | 5274 | ||
| 003 | PGUSA | ||
| 005 | 20140828083118.0 | ||
| 008 | 040301s2004||||xxu|||||s|||||000 1 eng d | ||
| 040 |
_aPGUSA _beng |
||
| 042 | _adc | ||
| 050 | 4 | _aPR | |
| 100 | 1 |
_aYonge, Charlotte M. _q(Charlotte Mary), _d1823-1901 |
|
| 245 | 1 | 4 |
_aThe Chaplet of Pearls _h[electronic resource] / _cCharlotte M. Yonge |
| 260 |
_bProject Gutenberg, _c2004 |
||
| 506 | _aPublic domain in the USA. | ||
| 516 | _aElectronic text | ||
| 653 | _aSaint Bartholomew's Day, Massacre of, France, 1572 -- Fiction | ||
| 830 | 0 |
_aProject Gutenberg _v5274 |
|
| 856 | 4 | 0 | _uhttp://www.gutenberg.org/ebooks/5274 |
| 942 | _cEB | ||
| 999 |
_c234603 _d234603 |
||